| 000 | 00734nam a2200241 u 4500 | ||
|---|---|---|---|
| 005 | 20210223131601.0 | ||
| 008 | 110901s2004 r 000 0 eng d | ||
| 020 | _a9700319881 | ||
| 035 | _aUPN01000181630 | ||
| 049 | _aI | ||
| 050 | 4 |
_aQH541.5 C7 _bP5.2 |
|
| 100 | 1 | _aPike, Katy | |
| 245 | 1 | 0 |
_aArrecifes de coral / _cKaty Pike, Garda Turner ; tr. Ma. Andrea Giovine. |
| 260 |
_aMéxico : _bCalandria, _c2004. |
||
| 300 |
_a24 p. : _bil. col. |
||
| 440 | 0 | _a8+ Lecturas intermedias para niños | |
| 500 | _a"Serie recomendada para niños de 8 en adelante" | ||
| 534 |
_pTítulo original: _tCoral Reefs |
||
| 650 | 4 |
_aARRECIFES _911566 |
|
| 650 | 4 |
_aCORALES _911567 |
|
| 700 | 1 |
_aTurner, Garda, _ecoaut. |
|
| 905 | _aInfantil | ||
| 999 |
_c153733 _d153733 |
||